Cogeneración

Guardado en:
Detalles Bibliográficos
Autor principal: Villares Martín, Mario (Autor)
Formato: Libro
Lenguaje:español
Publicado: Madrid Fundación Confemetal 2000
Materias:
Etiquetas: Agregar Etiqueta
Sin Etiquetas, Sea el primero en etiquetar este registro!

MARC

LEADER 00000nam a2200000 a 4500
001 UCI4070
003 CL-VaPUC
008 071214e20000000SP |||||||||||||||||spa|d
020 |a 8495428156 
082 0 4 |a 621.3121  |b VIL  |2 21 
100 0 |a Villares Martín, Mario  |e author  |9 525703 
245 1 0 |a Cogeneración 
300 |a 293 p 
942 |c BK 
945 |d 20071214 00:00:00  |a jtorresc 
260 |a Madrid  |b Fundación Confemetal  |c 2000 
650 0 |a Termodinámica   |9 259320 
650 0 |a Cogeneración  |9 440297 
650 0 |a Electricidad  |9 260222 
650 0 |a Circuitos  |9 263339 
650 0 |a Gases  |9 260945 
650 0 |a Turbina a vapor  |9 553102 
583 |a last modification  |c 20180430 04:49:20  |k Rodrigo Vera 
999 |c 328065  |d 328063 
952 |0 0  |1 0  |4 0  |6 621_312100000000000_VIL_2000  |7 0  |8 A  |9 411790  |a BIBMEC  |b BIBMEC  |d 2019-11-22  |i 4396758  |o 621.3121 VIL 2000  |p 4396758  |r 2024-01-19  |w 2019-11-22  |y BK  |k MEC